Tư duy có hệ thống The Organized Mind :Tư duy đúng hướng trong thời đại quá tải thông tin

Đề cập các vần đề: Quá nhiều thông tin, quá nhiều quyết định; Những điều đầu tiên cần hiểu rõ; Sắp xếp ngôi nhà của bạn; Tổ chức các mối quan hệ xã hội; Sắp xếp thời gian; Tổ chức thông tin cho những quyết định khó khăn nhất; Tô...

وصف كامل

محفوظ في:
التفاصيل البيبلوغرافية
المؤلف الرئيسي: Levitin, Daniel J
مؤلفون آخرون: Hoàng, Việt
التنسيق: كتاب
اللغة:Undetermined
منشور في: H. Lao động - Xã hội 2017
الموضوعات:
الوصول للمادة أونلاين:http://lrc.tdmu.edu.vn/opac/search/detail.asp?aID=2&ID=30800
الوسوم: إضافة وسم
لا توجد وسوم, كن أول من يضع وسما على هذه التسجيلة!
Thư viện lưu trữ: Trung tâm Học liệu Trường Đại học Thủ Dầu Một
LEADER 01304nam a2200229Ia 4500
001 TDMU_30800
008 210410s9999 xx 000 0 und d
082 |a 895.9223009 
090 |b L207 
100 |a Levitin, Daniel J 
245 0 |a Tư duy có hệ thống 
245 4 |b The Organized Mind :Tư duy đúng hướng trong thời đại quá tải thông tin 
245 0 |c Daniel J. Levitin; Hoàng Việt (dịch) 
260 |a H. 
260 |b Lao động - Xã hội 
260 |c 2017 
300 |a 606tr. 
520 |a Đề cập các vần đề: Quá nhiều thông tin, quá nhiều quyết định; Những điều đầu tiên cần hiểu rõ; Sắp xếp ngôi nhà của bạn; Tổ chức các mối quan hệ xã hội; Sắp xếp thời gian; Tổ chức thông tin cho những quyết định khó khăn nhất; Tổ chức công việc; Những gì truyền lại cho hậu thế; Tất cả những thứ khác. 
650 |a Tâm lý học  |x Tư duy; Tư duy có hệ thống 
700 |a Hoàng, Việt 
856 |u http://lrc.tdmu.edu.vn/opac/search/detail.asp?aID=2&ID=30800 
980 |a Trung tâm Học liệu Trường Đại học Thủ Dầu Một